[Event "Mundial Juvenil femenino 2005 s10"]
[Site "Belfort FRA"]
[Date "2005.07.19"]
[Round "1.13"]
[White "Oho, En-Huei Danielle"]
[Black "Baraeva, Irina"]
[Result "0-1"]
[WhiteElo "1599"]
[BlackElo "1599"]
[PlyCount "146"]
[EventDate "2005.07.19"]
[EventType "swiss"]
[EventRounds "11"]
[EventCountry "FRA"]
[Source "lmi"]
[SourceDate "2005.07.31"]

1. d4 Nf6 2. c4 g6 3. Nc3 d5 4. cxd5 Nxd5 5. e4 Nxc3 6. bxc3 Bg7 7. Bc4 c5 8.
Ne2 O-O 9. O-O Nc6 10. Be3 Qa5 11. Qc2 cxd4 12. cxd4 Rd8 13. Rfd1 Rd7 14. Nf4
e6 15. Nxe6 fxe6 16. Bxe6+ Kh8 17. Bxd7 Bxd7 18. Qb3 Nd8 19. Qb2 Rc8 20. Qe2
Qa4 21. Rd2 Qc6 22. e5 Qc7 23. Bf4 Ne6 24. Bg3 Qc3 25. Rad1 Bh6 26. Rd3 Qa5 27.
d5 Nc5 28. e6 Bb5 29. e7 Nxd3 30. Rxd3 Qxa2 31. Be5+ Kg8 32. Bb2 Qb1+ 33. Rd1
Bxe2 34. Rxb1 Kf7 35. Re1 Bb5 36. d6 Bd7 37. Re4 Bc1 38. Bd4 Ba3 39. Rf4+ Kg8
40. g3 Bxd6 41. Re4 Re8 42. Bxa7 Rxe7 43. Rd4 Bc6 44. f4 Bc7 45. Bc5 Rd7 46.
Rc4 Rd1+ 47. Kf2 Rd2+ 48. Kg1 Rg2+ 49. Kf1 Rxh2 50. Rc3 Bb5+ 51. Kg1 Re2 52.
Rb3 Bc6 53. Kf1 Rc2 54. Bd4 Bd5 55. Re3 Bc4+ 56. Ke1 Ba5+ 57. Kd1 Rd2+ 58. Kc1
Rxd4 59. Re8+ Kf7 60. Rb8 b5 61. Rb7+ Kg8 62. Ra7 Bd2+ 63. Kc2 b4 64. Ra8+ Kg7
65. Ra7+ Kh6 66. Rb7 b3+ 67. Kb2 Be1 68. Rb6 Rd2+ 69. Kc1 b2+ 70. Rxb2 Rxb2 71.
Kxb2 Bxg3 72. Kc3 Bxf4 73. Kxc4 Kg5 0-1

[Event "Mundial Juvenil femenino 2005 s10"]
[Site "Belfort FRA"]
[Date "2005.07.19"]
[Round "1.15"]
[White "Orlina, Laura"]
[Black "Belafkih, Kimia"]
[Result "0-1"]
[WhiteElo "1599"]
[BlackElo "1599"]
[PlyCount "116"]
[EventDate "2005.07.19"]
[EventType "swiss"]
[EventRounds "11"]
[EventCountry "FRA"]
[Source "lmi"]
[SourceDate "2005.07.31"]

1. e4 e5 2. Nf3 Nc6 3. Nc3 Bb4 4. Bb5 Nf6 5. O-O O-O 6. d3 h6 7. Bd2 d6 8. h3
a6 9. Bc4 Be6 10. Bxe6 fxe6 11. Re1 Qe7 12. Be3 d5 13. Bd2 d4 14. Ne2 Rad8 15.
Bxb4 Nxb4 16. a3 Nc6 17. Qd2 Rd7 18. Rac1 Nh5 19. c3 Nf4 20. Nxf4 exf4 21. Qe2
e5 22. Red1 dxc3 23. Rxc3 Nd4 24. Nxd4 exd4 25. Rb3 Qg5 26. f3 c5 27. Rb6 Qg3
28. b4 cxb4 29. axb4 Rf6 30. Rxf6 gxf6 31. Rc1 Rg7 32. Rc4 Qxh3 33. Rxd4 Qh4
34. Rd5 Rg5 35. Rd8+ Kg7 36. Rd7+ Kg6 37. Rxb7 a5 38. bxa5 Rxa5 39. Qb2 Rc5 40.
Ra7 Rc8 41. Qf2 Rc1+ 42. Qf1 Rxf1+ 43. Kxf1 Qh1+ 44. Kf2 Qc1 45. Rd7 Qc5+ 46.
Kf1 Qb5 47. Rd5 Qb1+ 48. Kf2 Qc1 49. Rf5 Qe3+ 50. Kf1 Qxd3+ 51. Kf2 Qd2+ 52.
Kf1 h5 53. Rd5 Qa2 54. Rd8 h4 55. Rf8 Kg5 56. Kg1 Qe2 57. Kh2 Qf2 58. Kh3 Qg3#
0-1

[Event "Mundial Juvenil femenino 2005 s10"]
[Site "Belfort FRA"]
[Date "2005.07.19"]
[Round "1.17"]
[White "Owens, Megan"]
[Black "Botez, Alexandra"]
[Result "1/2-1/2"]
[WhiteElo "1599"]
[BlackElo "1599"]
[PlyCount "62"]
[EventDate "2005.07.19"]
[EventType "swiss"]
[EventRounds "11"]
[EventCountry "FRA"]
[Source "lmi"]
[SourceDate "2005.07.31"]

1. d4 f5 2. c4 g6 3. Nf3 Bg7 4. g3 Nf6 5. Bg2 d6 6. b4 O-O 7. Bb2 c6 8. O-O Ne4
9. Nbd2 d5 10. cxd5 cxd5 11. Qb3 e6 12. Nxe4 fxe4 13. Ne5 Bxe5 14. dxe5 Bd7 15.
a4 Nc6 16. a5 Rc8 17. Rac1 Qe7 18. Bc3 a6 19. f3 exf3 20. Bxf3 Na7 21. Bd4 Rxc1
22. Rxc1 Rc8 23. Rxc8+ Nxc8 24. Bc5 Qe8 25. Qe3 Ne7 26. Qg5 Nc6 27. h4 Qf7 28.
Bg4 Qg7 29. Bd6 h5 30. Bh3 Kh7 31. Qf4 Kg8 1/2-1/2

[Event "Mundial Juvenil femenino 2005 s10"]
[Site "Belfort FRA"]
[Date "2005.07.19"]
[Round "1.18"]
[White "Brunet, Pauline"]
[Black "Panisova, Monika"]
[Result "1-0"]
[WhiteElo "1599"]
[BlackElo "1599"]
[PlyCount "63"]
[EventDate "2005.07.19"]
[EventType "swiss"]
[EventRounds "11"]
[EventCountry "FRA"]
[Source "lmi"]
[SourceDate "2005.07.31"]

1. e4 e5 2. Nf3 Nc6 3. Bc4 Bc5 4. c3 d6 5. d4 exd4 6. cxd4 Bb4+ 7. Nc3 Bxc3+ 8.
bxc3 Nf6 9. Ng5 O-O 10. O-O Bg4 11. f3 Bh5 12. Qd3 b6 13. Bd5 Qd7 14. Bxc6 Qxc6
15. e5 dxe5 16. dxe5 g6 17. exf6 Qxf6 18. Rf2 Rad8 19. Qa6 Qxc3 20. Bb2 Qe3 21.
Ne4 Rfe8 22. Nf6+ Kf8 23. Ba3+ c5 24. Nxe8 Rd2 25. Raf1 Rxf2 26. Rxf2 Qe1+ 27.
Rf1 Qe3+ 28. Kh1 Qxe8 29. Qxa7 Qe6 30. g4 Bxg4 31. fxg4 Qxa2 32. Bxc5+ 1-0

[Event "Mundial Juvenil femenino 2005 s10"]
[Site "Belfort FRA"]
[Date "2005.07.19"]
[Round "1.19"]
[White "Papathanasiou, Aggeliki"]
[Black "Casusol, Cecilia"]
[Result "0-1"]
[WhiteElo "1599"]
[BlackElo "1599"]
[PlyCount "169"]
[EventDate "2005.07.19"]
[EventType "swiss"]
[EventRounds "11"]
[EventCountry "FRA"]
[Source "lmi"]
[SourceDate "2005.07.31"]

1. d4 d5 2. c4 e6 3. Nc3 c6 4. e4 Nf6 5. e5 Nfd7 6. a3 g6 7. f4 Bg7 8. Nf3 O-O
9. c5 f6 10. Be2 Qc7 11. O-O b6 12. b4 b5 13. Be3 a6 14. Qe1 Bb7 15. Qh4 Rf7
16. Bd3 Nf8 17. Nd2 f5 18. Rf3 Qe7 19. Qxe7 Rxe7 20. Rh3 Bc8 21. Ncb1 Rea7 22.
Nb3 Nbd7 23. N1d2 Nb8 24. Nf3 Nbd7 25. Rf1 Nb8 26. Rh4 Bh8 27. Ng5 Re7 28. Rf3
Raa7 29. Bf2 Rec7 30. Rfh3 Re7 31. Rh6 Rec7 32. Na5 Re7 33. Be2 Rec7 34. Bd1
Re7 35. a4 Rec7 36. axb5 axb5 37. Be3 Na6 38. Bd2 Nb8 39. Ra3 Bg7 40. Rhh3 Bh8
41. Be1 Re7 42. Rhg3 Rg7 43. Nf3 Bb7 44. Rg5 Bc8 45. Nd2 Rgf7 46. Nf1 Bb7 47.
Ng3 Rg7 48. Bc2 Bc8 49. Bd2 Bd7 50. Ne2 Bc8 51. Rgg3 Bd7 52. Bc1 Bc8 53. Bd1
Bd7 54. Nc4 Rxa3 55. Nxa3 Bc8 56. Nc2 Ra7 57. Ra3 Rxa3 58. Nxa3 Na6 59. Bd2 Kg7
60. Kf2 Nd7 61. Kf3 Nf8 62. g4 h6 63. h4 Bd7 64. Ng3 Be8 65. Nc2 Bf7 66. Ne3
Be8 67. h5 Bd7 68. hxg6 Nxg6 69. gxf5 Nh4+ 70. Kg4 Nxf5 71. Nexf5+ exf5+ 72.
Nxf5+ Kg6 73. Bc2 h5+ 74. Kh4 Bxf5 75. Bxf5+ Kxf5 76. Kxh5 Bg7 77. Bc1 Nxb4 78.
Bd2 Nd3 79. Kh4 Bh6 80. Kh5 Bxf4 81. Bxf4 Nxf4+ 82. Kh6 Ne6 83. Kh7 Nxd4 84.
Kg7 Kxe5 85. Kf7 0-1

[Event "Mundial Juvenil femenino 2005 s10"]
[Site "Belfort FRA"]
[Date "2005.07.19"]
[Round "1.20"]
[White "Cataneo Fernandez, Eunice"]
[Black "Pivard, Elsa"]
[Result "1-0"]
[WhiteElo "1599"]
[BlackElo "1599"]
[PlyCount "95"]
[EventDate "2005.07.19"]
[EventType "swiss"]
[EventRounds "11"]
[EventCountry "FRA"]
[Source "lmi"]
[SourceDate "2005.07.31"]

1. d4 c6 2. c4 d5 3. e3 Bf5 4. Nc3 e6 5. Nf3 c5 6. dxc5 Bxc5 7. cxd5 Nf6 8.
Bb5+ Nbd7 9. dxe6 Bxe6 10. e4 O-O 11. O-O Qc7 12. Bg5 Rad8 13. Qc2 h6 14. Bh4
a6 15. Bxd7 Rxd7 16. Bxf6 gxf6 17. Rac1 Qb8 18. Rfd1 Rfd8 19. a3 Bg4 20. Rxd7
Rxd7 21. Nd5 Be7 22. Qc8+ Qxc8 23. Rxc8+ Kg7 24. Rc7 Rxc7 25. Nxc7 Bxf3 26.
gxf3 Bd6 27. Nd5 Be5 28. b3 Bb2 29. a4 Kf8 30. f4 Bc1 31. Kg2 Bb2 32. f5 Be5
33. h3 h5 34. f4 Bd4 35. Kg3 Kg7 36. Kh4 Kh6 37. Kg3 Kg7 38. Kf3 Ba7 39. e5
fxe5 40. fxe5 Bb8 41. e6 fxe6 42. fxe6 Bd6 43. Ke4 Kf8 44. Kf5 h4 45. Kf6 Ke8
46. e7 Bc5 47. Nc7+ Kd7 48. e8=Q+ 1-0

[Event "Mundial Juvenil femenino 2005 s10"]
[Site "Belfort FRA"]
[Date "2005.07.20"]
[Round "2.1"]
[White "Ziaziulkina, Nastassia"]
[Black "Kazemi, Mahafered"]
[Result "1-0"]
[WhiteElo "1949"]
[BlackElo "1599"]
[PlyCount "82"]
[EventDate "2005.07.19"]
[EventType "swiss"]
[EventRounds "11"]
[EventCountry "FRA"]
[Source "lmi"]
[SourceDate "2005.07.31"]

1. e4 b6 2. d4 Bb7 3. Nc3 e6 4. a3 d6 5. Bb5+ c6 6. Bd3 g6 7. Nge2 Bg7 8. O-O
Ne7 9. Re1 O-O 10. f3 c5 11. d5 exd5 12. exd5 Nxd5 13. Nxd5 Bxd5 14. Bxg6 Bb7
15. Bf5 Qf6 16. Qd3 h6 17. Ng3 Ba6 18. Qd5 Qd4+ 19. Qxd4 Bxd4+ 20. Kh1 Nc6 21.
Bxh6 Bxb2 22. Bxf8 Bxa1 23. Bxd6 Bc3 24. Rd1 Rd8 25. Ne4 Be5 26. Rd2 Bb2 27. a4
Bc1 28. Rd1 Bf4 29. g3 Bxd6 30. Rxd6 Rxd6 31. Nxd6 Nd4 32. Be4 Be2 33. Kg2 Bd1
34. Nc8 Nxc2 35. Nxa7 Na3 36. Nc8 Nc4 37. Bc6 Ne5 38. Bd5 Bxa4 39. Nxb6 Kf8 40.
Nxa4 c4 41. f4 Ke8 1-0

[Event "Mundial Juvenil femenino 2005 s10"]
[Site "Belfort FRA"]
[Date "2005.07.20"]
[Round "2.2"]
[White "Ivanow, Anna"]
[Black "Kotepalli, Sai Nirupama"]
[Result "1/2-1/2"]
[WhiteElo "1854"]
[BlackElo "1599"]
[PlyCount "95"]
[EventDate "2005.07.19"]
[EventType "swiss"]
[EventRounds "11"]
[EventCountry "FRA"]
[Source "lmi"]
[SourceDate "2005.07.31"]

1. e4 e6 2. d4 g6 3. f4 Bg7 4. Nf3 Ne7 5. Bd3 d5 6. e5 c5 7. c3 Qb6 8. Qc2 Nbc6
9. Be3 cxd4 10. Nxd4 Nxd4 11. Bxd4 Qc7 12. O-O O-O 13. Nd2 Bd7 14. Nf3 Rac8 15.
Qf2 b6 16. Ng5 f6 17. exf6 Bxf6 18. Qh4 h5 19. Bxf6 Rxf6 20. Nh7 Rf7 21. Nf6+
Kg7 22. Nxd7 Qxd7 23. Rf3 Nf5 24. Qe1 Qd6 25. Rd1 Re8 26. Qd2 Ref8 27. g3 h4
28. Bb1 Qc5+ 29. Kg2 hxg3 30. hxg3 Rh8 31. Qe2 Qe7 32. Re1 Re8 33. Rff1 Rff8
34. Rh1 Qd6 35. g4 Ne7 36. f5 exf5 37. gxf5 Nxf5 38. Qd3 Qc5 39. Qh3 Rxe1 40.
Qh7+ Kf6 41. Rxe1 Ne3+ 42. Kh1 Nf5 43. Bxf5 Kxf5 44. Rf1+ Kg5 45. Rg1+ Kf4 46.
Qh6+ Ke5 47. Qg7+ Ke4 48. Qxg6+ 1/2-1/2

[Event "Mundial Juvenil femenino 2005 s10"]
[Site "Belfort FRA"]
[Date "2005.07.20"]
[Round "2.3"]
[White "Lach, Aleksandra"]
[Black "Lepeskaite, Migle"]
[Result "1-0"]
[WhiteElo "1822"]
[BlackElo "1599"]
[PlyCount "67"]
[EventDate "2005.07.19"]
[EventType "swiss"]
[EventRounds "11"]
[EventCountry "FRA"]
[Source "lmi"]
[SourceDate "2005.07.31"]

1. e4 e5 2. Nf3 Nc6 3. Bc4 Bc5 4. O-O d6 5. c3 Bg4 6. h3 Bh5 7. Bb3 Nf6 8. d3
O-O 9. Re1 Re8 10. Nbd2 h6 11. Nf1 Bg6 12. Ng3 d5 13. Qe2 dxe4 14. dxe4 Qe7 15.
Nh4 Bh7 16. Nhf5 Qd7 17. Rd1 Qc8 18. Qf3 Rd8 19. Nxh6+ Kf8 20. Bg5 Be7 21. Bxf6
Bxf6 22. Nxf7 Rxd1+ 23. Rxd1 Bg8 24. Qh5 Qe8 25. Qh8 Ne7 26. Nh6 gxh6 27. Qxf6+
Bf7 28. Nf5 Nxf5 29. exf5 Kg8 30. Qg6+ Kf8 31. Qxh6+ Kg8 32. f6 Qf8 33. Qg6+
Kh8 34. Bxf7 1-0

[Event "Mundial Juvenil femenino 2005 s10"]
[Site "Belfort FRA"]
[Date "2005.07.20"]
[Round "2.4"]
[White "Aflalo, Sophie"]
[Black "Navrotescu, Andrea-Cristina"]
[Result "1-0"]
[WhiteElo "1599"]
[BlackElo "1599"]
[PlyCount "89"]
[EventDate "2005.07.19"]
[EventType "swiss"]
[EventRounds "11"]
[EventCountry "FRA"]
[Source "lmi"]
[SourceDate "2005.07.31"]

1. e4 e5 2. Nf3 d6 3. d4 exd4 4. Nxd4 Nf6 5. Nc3 Be7 6. Bc4 O-O 7. Bb3 Bd7 8.
O-O Nc6 9. f4 Bg4 10. Nxc6 bxc6 11. Qd3 Rb8 12. f5 d5 13. e5 Nd7 14. Qg3 Bc5+
15. Kh1 Nxe5 16. Qxe5 Bd6 17. Qe1 Re8 18. Qf2 a6 19. Bf4 Bxf4 20. Qxf4 Be2 21.
Nxe2 Rxe2 22. f6 g6 23. Rad1 Re4 24. Qh6 Qf8 25. Qxf8+ Kxf8 26. Rde1 Rbe8 27.
Rxe4 Rxe4 28. Kg1 Ke8 29. g3 Kd7 30. Rf4 Rxf4 31. gxf4 Ke6 32. Kf2 Kxf6 33. Ba4
c5 34. h3 Kf5 35. Kf3 g5 36. Bd7+ Kf6 37. Bc6 d4 38. Bd7 h6 39. Bg4 gxf4 40.
Kxf4 a5 41. Bh5 Ke6 42. Bg4+ Kd5 43. Kf5 Kc4 44. Be2+ Kd5 45. Kf6 1-0

[Event "Mundial Juvenil femenino 2005 s10"]
[Site "Belfort FRA"]
[Date "2005.07.20"]
[Round "2.5"]
[White "Johonova, Eliska"]
[Black "Aranaz Murillo, Amalia"]
[Result "0-1"]
[WhiteElo "1599"]
[BlackElo "1599"]
[PlyCount "116"]
[EventDate "2005.07.19"]
[EventType "swiss"]
[EventRounds "11"]
[EventCountry "FRA"]
[Source "lmi"]
[SourceDate "2005.07.31"]

1. e4 c6 2. d4 d5 3. exd5 cxd5 4. Bf4 Nc6 5. Nc3 Nf6 6. g3 Bf5 7. Bg2 e6 8. Nf3
Bb4 9. O-O O-O 10. Ne5 Nxe5 11. Bxe5 Rc8 12. Ne2 Bxc2 13. Qc1 Ne4 14. Qf4 f6
15. Bh3 Qe7 16. Qg4 fxe5 17. Qxe6+ Qxe6 18. Bxe6+ Kh8 19. Bxc8 Rxc8 20. Kg2 Bd3
21. Rfc1 Rxc1 22. Rxc1 h6 23. Nc3 exd4 24. Nxd5 Bd2 25. Rc8+ Kh7 26. Ra8 Bc4
27. Rd8 Ba5 28. Rd7 Be2 29. b3 d3 30. f3 d2 31. Ne3 Bb6 32. Nf5 d1=Q 33. Rxd1
Bxd1 34. fxe4 Bg4 35. Nd6 Bd7 36. Kf3 Bc6 37. Kf4 Bc7 38. e5 Bxd6 39. exd6 Bd7
40. h4 Kg6 41. g4 Kf6 42. h5 Ke6 43. g5 hxg5+ 44. Kxg5 Be8 45. h6 gxh6+ 46.
Kxh6 Kxd6 47. Kg7 Kc5 48. Kf8 Bc6 49. a3 Kd4 50. Ke7 Kc3 51. a4 Bxa4 52. bxa4
Kb4 53. Kd6 Kxa4 54. Kc7 b5 55. Kb7 b4 56. Kxa7 b3 57. Kb6 b2 58. Kc5 b1=Q 0-1

[Event "Mundial Juvenil femenino 2005 s10"]
[Site "Belfort FRA"]
[Date "2005.07.20"]
[Round "2.6"]
[White "Atabayva, Gozel"]
[Black "Pouillard, Cecile"]
[Result "1-0"]
[WhiteElo "1599"]
[BlackElo "1599"]
[PlyCount "65"]
[EventDate "2005.07.19"]
[EventType "swiss"]
[EventRounds "11"]
[EventCountry "FRA"]
[Source "lmi"]
[SourceDate "2005.07.31"]

1. e4 e5 2. Nf3 Nc6 3. d4 exd4 4. Nxd4 Bc5 5. Be3 Qf6 6. c3 Nge7 7. g3 O-O 8.
Bg2 d6 9. O-O Re8 10. Nxc6 Nxc6 11. Bxc5 dxc5 12. Nd2 Rd8 13. Qc2 Be6 14. Rad1
Ne5 15. f4 Nc4 16. Nxc4 Bxc4 17. Rfe1 Qa6 18. b3 Bd3 19. Qd2 c4 20. bxc4 Qxc4
21. Re3 h5 22. Rxd3 Rxd3 23. Qxd3 Qxd3 24. Rxd3 Rb8 25. Kf2 Kf8 26. Rd7 c6 27.
Ke3 a6 28. e5 b5 29. Bxc6 g6 30. Bd5 a5 31. Rxf7+ Ke8 32. Rh7 Rd8 33. Rh8+ 1-0

[Event "Mundial Juvenil femenino 2005 s10"]
[Site "Belfort FRA"]
[Date "2005.07.20"]
[Round "2.7"]
[White "Kabai, Zsuzsanna"]
[Black "Baekelant, Eva"]
[Result "1/2-1/2"]
[WhiteElo "1599"]
[BlackElo "1599"]
[PlyCount "38"]
[EventDate "2005.07.19"]
[EventType "swiss"]
[EventRounds "11"]
[EventCountry "FRA"]
[Source "lmi"]
[SourceDate "2005.07.31"]

1. c4 c5 2. Nf3 d6 3. g3 Nf6 4. Bg2 g6 5. Nc3 Bg7 6. O-O O-O 7. d3 Nc6 8. Bd2
Bd7 9. Rc1 a6 10. a3 Rb8 11. Na2 b5 12. cxb5 axb5 13. b4 cxb4 14. Nxb4 Nxb4 15.
axb4 Rc8 16. Rxc8 Qxc8 17. Qc1 Qa6 18. Qa1 Ra8 19. Qxa6 Rxa6 1/2-1/2

[Event "Mundial Juvenil femenino 2005 s10"]
[Site "Belfort FRA"]
[Date "2005.07.20"]
[Round "2.8"]
[White "Baraeva, Irina"]
[Black "Roy, Ali"]
[Result "0-1"]
[WhiteElo "1599"]
[BlackElo "1599"]
[PlyCount "76"]
[EventDate "2005.07.19"]
[EventType "swiss"]
[EventRounds "11"]
[EventCountry "FRA"]
[Source "lmi"]
[SourceDate "2005.07.31"]

1. c4 c6 2. Nc3 d5 3. cxd5 cxd5 4. d4 Bf5 5. Nf3 Nc6 6. Qb3 e6 7. Qxb7 Nb4 8.
Qb5+ Qd7 9. Qxd7+ Kxd7 10. Ne5+ Ke8 11. Nb5 Nc2+ 12. Kd1 Rb8 13. Nc7+ Kd8 14.
Na6 Rb7 15. Rb1 Nxd4 16. Ra1 Nc2 17. Rb1 Ne3+ 18. Bxe3 Bxb1 19. Nc6+ Ke8 20. b4
Bxa2 21. Bd4 f6 22. f4 Ne7 23. Na5 Rd7 24. Nb8 Rd8 25. Bxa7 Rc8 26. e3 Bc4 27.
Kd2 Nf5 28. g4 Bxb4+ 29. Kc1 Bxf1+ 30. Nac6 Nxe3 31. Kb2 Bd6 32. Bxe3 Bb5 33.
Rc1 Bxb8 34. Nxb8 Rxb8 35. Ka1 Kd7 36. Bd4 Rb7 37. h3 Bf1 38. Rxf1 Ra8+ 0-1

[Event "Mundial Juvenil femenino 2005 s10"]
[Site "Belfort FRA"]
[Date "2005.07.20"]
[Round "2.9"]
[White "Kameric, Arnella"]
[Black "Baraeva, Marina"]
[Result "0-1"]
[WhiteElo "1599"]
[BlackElo "1599"]
[PlyCount "54"]
[EventDate "2005.07.19"]
[EventType "swiss"]
[EventRounds "11"]
[EventCountry "FRA"]
[Source "lmi"]
[SourceDate "2005.07.31"]

1. e4 c5 2. Nc3 g6 3. g3 Bg7 4. Bg2 Nc6 5. f4 d6 6. Nf3 Nf6 7. O-O O-O 8. d3
Qc7 9. Be3 Qb6 10. Qd2 Qxb2 11. Rab1 Qa3 12. Rb3 Qa5 13. h3 a6 14. g4 b5 15. f5
b4 16. Ne2 h5 17. gxh5 Nxh5 18. Bh6 Qb6 19. Kh2 Qc7 20. Kh1 Bd7 21. Rg1 Qc8 22.
Kh2 Qc7 23. Ne1 d5+ 24. Kh1 Nd4 25. Nxd4 Ng3+ 26. Kh2 Nf1+ 27. Kh1 Qh2# 0-1

[Event "Mundial Juvenil femenino 2005 s10"]
[Site "Belfort FRA"]
[Date "2005.07.20"]
[Round "2.10"]
[White "Belafkih, Kimia"]
[Black "Salazar, Aura"]
[Result "0-1"]
[WhiteElo "1599"]
[BlackElo "1599"]
[PlyCount "46"]
[EventDate "2005.07.19"]
[EventType "swiss"]
[EventRounds "11"]
[EventCountry "FRA"]
[Source "lmi"]
[SourceDate "2005.07.31"]

1. e4 c5 2. Nf3 d6 3. Nc3 Nf6 4. Bc4 e6 5. Bb5+ Bd7 6. Bxd7+ Qxd7 7. O-O Be7 8.
d3 O-O 9. Re1 Nc6 10. Bg5 Qc7 11. Bf4 a6 12. Qd2 Rad8 13. e5 dxe5 14. Nxe5 Bd6
15. Re2 Nxe5 16. Bxe5 Bxe5 17. Rae1 Bxh2+ 18. Kh1 Bf4 19. Qd1 Ng4 20. Rf1 Bg5
21. g3 Qc6+ 22. Ne4 f5 23. f3 fxe4 0-1

[Event "Mundial Juvenil femenino 2005 s10"]
[Site "Belfort FRA"]
[Date "2005.07.20"]
[Round "2.11"]
[White "Kou, Yingya"]
[Black "Brunet, Pauline"]
[Result "1-0"]
[WhiteElo "1599"]
[BlackElo "1599"]
[PlyCount "43"]
[EventDate "2005.07.19"]
[EventType "swiss"]
[EventRounds "11"]
[EventCountry "FRA"]
[Source "lmi"]
[SourceDate "2005.07.31"]

1. e4 e6 2. d4 d5 3. exd5 exd5 4. Bd3 Nf6 5. Nf3 Bd6 6. O-O O-O 7. Bg5 Re8 8.
h3 c5 9. dxc5 Bxc5 10. Nc3 Be7 11. Re1 Ne4 12. Bxe7 Nxc3 13. Bxd8 Rxe1+ 14.
Qxe1 Ne4 15. Bxe4 dxe4 16. Qxe4 Nd7 17. Qe8+ Nf8 18. Be7 h5 19. Ng5 Bxh3 20.
Qxa8 Bc8 21. Qxc8 f6 22. Qxf8# 1-0

[Event "Mundial Juvenil femenino 2005 s10"]
[Site "Belfort FRA"]
[Date "2005.07.20"]
[Round "2.12"]
[White "Casusol, Cecilia"]
[Black "Santos Rodrigues, Fernanda"]
[Result "1-0"]
[WhiteElo "1599"]
[BlackElo "1599"]
[PlyCount "115"]
[EventDate "2005.07.19"]
[EventType "swiss"]
[EventRounds "11"]
[EventCountry "FRA"]
[Source "lmi"]
[SourceDate "2005.07.31"]

1. e4 e5 2. Nf3 Nc6 3. Bc4 d6 4. h3 Be7 5. Nc3 Nf6 6. O-O O-O 7. d3 h6 8. Be3
Be6 9. Bb3 Qd7 10. Qd2 Rad8 11. d4 Nxd4 12. Nxd4 exd4 13. Bxd4 d5 14. Bxf6 Bxf6
15. exd5 Bxc3 16. Qxc3 Bxd5 17. Rad1 c6 18. Rd3 Qe7 19. Re1 Qg5 20. Rg3 Qxg3
21. Qxg3 Bxb3 22. Qxb3 b6 23. Qa4 b5 24. Qe4 c5 25. Qb7 Rb8 26. Qxa7 Rfc8 27.
Qa3 Ra8 28. Qb3 b4 29. Re7 Rf8 30. f4 Rad8 31. c3 Rd3 32. Qc2 c4 33. cxb4 Rc8
34. b3 Rd4 35. Re4 Rxe4 36. Qxe4 c3 37. Qc2 Kf8 38. a4 Ke7 39. Kf2 Kd6 40. Ke3
f5 41. Kd3 g6 42. Qxc3 Rxc3+ 43. Kxc3 Kc6 44. Kc4 g5 45. g3 gxf4 46. gxf4 h5
47. a5 Kb7 48. b5 h4 49. Kc5 Kb8 50. a6 Ka7 51. Kc6 Ka8 52. b6 Kb8 53. a7+ Ka8
54. b7+ Kxa7 55. Kc7 Ka6 56. b8=Q Ka5 57. Kc6 Ka6 58. Qb6# 1-0

[Event "Mundial Juvenil femenino 2005 s10"]
[Site "Belfort FRA"]
[Date "2005.07.20"]
[Round "2.13"]
[White "Mucha, Magdalena"]
[Black "Cataneo Fernandez, Eunice"]
[Result "1-0"]
[WhiteElo "1599"]
[BlackElo "1599"]
[PlyCount "45"]
[EventDate "2005.07.19"]
[EventType "swiss"]
[EventRounds "11"]
[EventCountry "FRA"]
[Source "lmi"]
[SourceDate "2005.07.31"]

1. e4 d6 2. Nc3 Nf6 3. d4 g6 4. Nf3 Bg7 5. Be3 Nbd7 6. Bd3 e6 7. Qd2 h5 8. Bg5
e5 9. dxe5 dxe5 10. O-O-O b6 11. Bb5 c5 12. Qd6 Qe7 13. Bxd7+ Bxd7 14. Qxe7+
Kxe7 15. Nd5+ Ke6 16. Nc7+ Ke7 17. Nxa8 Rxa8 18. Nxe5 Ke6 19. Bxf6 Bxf6 20.
Nxd7 Rd8 21. Nxf6 Rxd1+ 22. Rxd1 Kxf6 23. Kd2 1-0

[Event "Mundial Juvenil femenino 2005 s10"]
[Site "Belfort FRA"]
[Date "2005.07.20"]
[Round "2.15"]
[White "Saduakassova, Dinara"]
[Black "Chetina, Elizaveta"]
[Result "1-0"]
[WhiteElo "1599"]
[BlackElo "1599"]
[PlyCount "75"]
[EventDate "2005.07.19"]
[EventType "swiss"]
[EventRounds "11"]
[EventCountry "FRA"]
[Source "lmi"]
[SourceDate "2005.07.31"]

1. d4 Nf6 2. Bg5 e6 3. e4 h6 4. Bxf6 Qxf6 5. Nf3 d5 6. Nc3 Bb4 7. e5 Qd8 8. a3
Be7 9. Bd3 c5 10. Ne2 Qb6 11. b3 Nc6 12. c3 O-O 13. O-O f5 14. b4 c4 15. Bc2 a5
16. Nf4 Kh7 17. h3 axb4 18. axb4 Rxa1 19. Qxa1 Qd8 20. b5 Bg5 21. Nxg5+ Qxg5
22. Nxe6 Bxe6 23. bxc6 bxc6 24. Qa2 Qd2 25. Bxf5+ Bxf5 26. Qxd2 Be6 27. Qc2+
Kh8 28. Qa4 Rc8 29. f4 c5 30. dxc5 Rxc5 31. Qe8+ Bg8 32. e6 Ra5 33. e7 Ra7 34.
Qf8 Rxe7 35. Qxe7 Kh7 36. f5 h5 37. f6 h4 38. Qxg7# 1-0

[Event "Mundial Juvenil femenino 2005 s10"]
[Site "Belfort FRA"]
[Date "2005.07.20"]
[Round "2.16"]
[White "Saikhanchimeg, Tsogtsaikman"]
[Black "Efroimski, Marsel"]
[Result "0-1"]
[WhiteElo "1599"]
[BlackElo "1599"]
[PlyCount "86"]
[EventDate "2005.07.19"]
[EventType "swiss"]
[EventRounds "11"]
[EventCountry "FRA"]
[Source "lmi"]
[SourceDate "2005.07.31"]

1. e4 e6 2. d4 d5 3. e5 c5 4. c3 Nc6 5. Nf3 Qb6 6. Bd3 Bd7 7. Bc2 f6 8. a3 a5
9. O-O cxd4 10. cxd4 Rc8 11. Nc3 Qc7 12. Re1 f5 13. Bg5 h6 14. Be3 Qb8 15. Qd3
Na7 16. Na4 Bb5 17. Qd1 b6 18. Nc3 Ba6 19. Bd3 b5 20. Qe2 Rc6 21. a4 b4 22. Na2
Bxd3 23. Qxd3 Ne7 24. Rac1 Qb7 25. h3 g6 26. Qe2 Bg7 27. h4 O-O 28. Nh2 f4 29.
Bd2 Qb6 30. Qd3 Nf5 31. Nf3 Ne7 32. Rxc6 Qxc6 33. b3 Kh7 34. h5 Rf5 35. hxg6+
Nxg6 36. g3 fxg3 37. fxg3 Qe8 38. g4 Rf8 39. Nh4 Qf7 40. Kh2 Qf2+ 41. Kh3 Qxh4+
42. Kg2 Rf2+ 43. Kg1 Qh2# 0-1

[Event "Mundial Juvenil femenino 2005 s10"]
[Site "Belfort FRA"]
[Date "2005.07.20"]
[Round "2.17"]
[White "Sasmazel, Burcu"]
[Black "Fataliyeva, Ulviyya"]
[Result "0-1"]
[WhiteElo "1599"]
[BlackElo "1599"]
[PlyCount "53"]
[EventDate "2005.07.19"]
[EventType "swiss"]
[EventRounds "11"]
[EventCountry "FRA"]
[Source "lmi"]
[SourceDate "2005.07.31"]

1. e4 e6 2. d4 d5 3. exd5 exd5 4. Nf3 Bd6 5. Bd3 Nc6 6. Nc3 Nge7 7. O-O Bg4 8.
Bb5 Qd7 9. h3 Bf5 10. Re1 O-O-O 11. Ne5 Bxe5 12. Rxe5 Be6 13. Re1 Nf5 14. Ne2
f6 15. Nf4 Bf7 16. c3 g5 17. Nd3 h5 18. Nb4 Nfe7 19. Rxe7 Qxe7 20. Bxc6 a5 21.
Qa4 Qe1+ 22. Kh2 bxc6 23. Nxc6 Be8 24. Na7+ Kb7 25. Qxa5 Ra8 26. Qxd5+ Kxa7 27.
Qa5+ 0-1